[Event "Charleroi op"]
[Site "Roux"]
[Date "2019.08.02"]
[Round "8"]
[White "Ghyselen, Wouter"]
[Black "Manafov, Vugar Gulam"]
[Result "1/2-1/2"]
[WhiteElo "2078"]
[BlackElo "2175"]
[PlyCount "65"]
[EventDate "2019.07.27"]
[EventType "swiss"]
[EventRounds "9"]
[EventCountry "BEL"]
[SourceTitle "CBM 191 Extra"]
[Source "ChessBase"]
[SourceDate "2019.09.30"]
[SourceVersion "1"]
[SourceVersionDate "2019.09.30"]
[SourceQuality "1"]

1. d4 Nf6 2. c4 e6 3. g3 Bb4+ 4. Bd2 a5 5. Bg2 d5 6. Nf3 Nbd7 7. 0-0 c6 8. Qc2 0-0 9. Bf4 Be7 10. Nbd2 Nh5 11. Rfd1 g5 12. Be3 f5 13. Nb1 g4 14. Ne1 f4 15. Bc1 Bd6 16. e4 f3 17. Bf1 dxc4 18. e5 Bb8 19. Bxc4 Nb6 20. Bf1 Qe8 21. Bh6 Ng7 22. Bd3 Qh5 23. Qd2 Rd8 24. Qg5 Qxg5 25. Bxg5 Rxd4 26. Be3 Rb4 27. Nc2 Rxb2 28. Bd4 Na4 29. Nba3 c5 30. Bxb2 Nxb2 31. Rd2 Nxd3 32. Rxd3 Bxe5 33. Rd8+ 1/2-1/2

[Event "Ghent Taminco op 36th"]
[Site "Ghent"]
[Date "2013.07.23"]
[Round "8"]
[White "Ondersteijn, Niels"]
[Black "Ghyselen, Wouter"]
[Result "1-0"]
[WhiteElo "2314"]
[BlackElo "2103"]
[PlyCount "117"]
[EventDate "2013.07.20"]
[EventType "swiss"]
[EventRounds "9"]
[EventCountry "BEL"]
[SourceTitle "CBM 155 Extra"]
[Source "ChessBase"]
[SourceDate "2013.08.26"]
[SourceVersion "1"]
[SourceVersionDate "2013.08.26"]
[SourceQuality "1"]

1. d4 Nf6 2. c4 e6 3. Nc3 Bb4 4. e3 b6 5. Nge2 c5 6. a3 Ba5 7. Rb1 Na6 8. g3 Bb7 9. d5 b5 10. Bg2 bxc4 11. 0-0 0-0 12. e4 d6 13. Bg5 exd5 14. Nxd5 Bxd5 15. Bxf6 Qxf6 16. Qxd5 Nc7 17. Qxc4 Rab8 18. Qa4 Bb6 19. Rfd1 Ne6 20. Rxd6 c4 21. Qxc4 Qxf2+ 22. Kh1 Rbc8 23. Qd3 Rcd8 24. e5 Bc7 25. Rf1 Qc5 26. Rxd8 Rxd8 27. Qf3 Rf8 28. Nf4 Qxe5 29. Nd3 Qd4 30. Qe2 g6 31. Nb4 Kg7 32. Nc6 Qb6 33. b4 a6 34. Qc4 Qb5 35. Qc3+ f6 36. Re1 Nd8 37. Nd4 Qb6 38. Nf3 Bd6 39. Qd3 Nf7 40. Nd4 Be5 41. Nc6 Rc8 42. Qd7 Rc7 43. Qe8 Qf2 44. Rf1 Qc2 45. Ne7 Nh6 46. Nd5 Rf7 47. Qe6 Nf5 48. Qxa6 Qd2 49. Qc4 Ne3 50. Nxe3 Qxe3 51. b5 Qxa3 52. b6 Rf8 53. b7 Qd6 54. Bd5 Rd8 55. Bg2 Qc7 56. Qb3 Rb8 57. Rd1 Bd6 58. Qe6 Be5 59. Rd7+ 1-0

[Event "BEL-ch op"]
[Site "Antwerp"]
[Date "2013.07.14"]
[Round "9"]
[White "Ghyselen, Wouter"]
[Black "Bomans, Arno"]
[Result "1/2-1/2"]
[WhiteElo "2103"]
[BlackElo "2204"]
[PlyCount "107"]
[EventDate "2013.07.06"]
[EventType "swiss"]
[EventRounds "9"]
[EventCountry "BEL"]
[SourceTitle "CBM 155 Extra"]
[Source "ChessBase"]
[SourceDate "2013.08.26"]
[SourceVersion "1"]
[SourceVersionDate "2013.08.26"]
[SourceQuality "1"]

1. Nf3 d5 2. g3 Nf6 3. Bg2 e6 4. 0-0 Be7 5. d3 0-0 6. Nbd2 b6 7. e4 Bb7 8. Re1 c5 9. e5 Nfd7 10. h4 Qc7 11. Nf1 Nc6 12. Bf4 Nd4 13. N1h2 Nxf3+ 14. Qxf3 Rab8 15. Qg4 Kh8 16. Nf3 d4 17. Ng5 Bxg5 18. hxg5 Rfe8 19. Bxb7 Qxb7 20. f3 g6 21. Kg2 Kg7 22. Qh4 Kf8 23. Qxh7 Ke7 24. Qh1 Rh8 25. Qf1 Rh7 26. Qe2 Rbh8 27. g4 Qd5 28. Qe4 Qa8 29. c3 Qxe4 30. Rxe4 Rc8 31. Rc1 Rhh8 32. Bd2 dxc3 33. Rxc3 a5 34. Re1 Nb8 35. Rb3 Nd7 36. Rc1 Ra8 37. f4 Rh4 38. Kf3 Rh2 39. Be3 a4 40. Rb5 a3 41. Bf2 Rh3+ 42. Ke4 axb2 43. Rxb2 Ra4+ 44. Rc4 Rxc4+ 45. dxc4 Rc3 46. Be3 Rxc4+ 47. Kd3 Ra4 48. Kc2 Ra3 49. Bd2 Kd8 50. Bc1 Rg3 51. Kb1 Rxg4 52. Rh2 Rg3 53. Rh8+ Ke7 54. Rc8 1/2-1/2

[Event "BEL-ch op"]
[Site "Antwerp"]
[Date "2013.07.12"]
[Round "7"]
[White "Ghyselen, Wouter"]
[Black "Voet, Dirk Victor"]
[Result "1-0"]
[WhiteElo "2103"]
[BlackElo "1930"]
[PlyCount "73"]
[EventDate "2013.07.06"]
[EventType "swiss"]
[EventRounds "9"]
[EventCountry "BEL"]
[SourceTitle "CBM 155 Extra"]
[Source "ChessBase"]
[SourceDate "2013.08.26"]
[SourceVersion "1"]
[SourceVersionDate "2013.08.26"]
[SourceQuality "1"]

1. b4 a5 2. b5 c6 3. e3 e6 4. Nf3 Nf6 5. Be2 cxb5 6. Bxb5 Nc6 7. 0-0 Be7 8. c4 0-0 9. d4 d6 10. Nc3 Bd7 11. Rb1 Ne8 12. Ba3 Nc7 13. Ba4 Rb8 14. Qd2 Na7 15. Bxd7 Qxd7 16. Rb6 Na8 17. Rb2 Rfc8 18. Qd3 Qc6 19. Nd2 Nb6 20. d5 exd5 21. Nxd5 Nxd5 22. cxd5 Qc3 23. Rb3 Qxd3 24. Rxd3 Rc2 25. Ne4 Nb5 26. Rb3 Nxa3 27. Rxa3 Ra8 28. g4 Rc4 29. f3 b5 30. Rb1 b4 31. Ra4 Kf8 32. a3 Ke8 33. axb4 Kd7 34. Rxa5 Rxa5 35. bxa5 Ra4 36. Rb7+ Kd8 37. Ra7 1-0

[Event "BEL-ch op"]
[Site "Antwerp"]
[Date "2013.07.11"]
[Round "6"]
[White "Hiel, Lino"]
[Black "Ghyselen, Wouter"]
[Result "1/2-1/2"]
[WhiteElo "1874"]
[BlackElo "2103"]
[PlyCount "80"]
[EventDate "2013.07.06"]
[EventType "swiss"]
[EventRounds "9"]
[EventCountry "BEL"]
[SourceTitle "CBM 155 Extra"]
[Source "ChessBase"]
[SourceDate "2013.08.26"]
[SourceVersion "1"]
[SourceVersionDate "2013.08.26"]
[SourceQuality "1"]

1. d4 Nf6 2. c4 e6 3. Nc3 Bb4 4. Bd2 d5 5. cxd5 exd5 6. Nf3 c6 7. a3 Bd6 8. Bg5 0-0 9. Qc2 Re8 10. e3 Bg4 11. Bd3 h6 12. Bh4 Nbd7 13. h3 Bxf3 14. gxf3 g5 15. Rg1 Nh5 16. Bg6 fxg6 17. Qxg6+ Ng7 18. Qxd6 gxh4 19. Qxh6 Qf6 20. Rg6 Qf7 21. 0-0-0 Nf8 22. Rg4 Re6 23. Qxh4 Rg6 24. Rdg1 Rxg4 25. Qxg4 Nfe6 26. h4 Kh7 27. Ne2 Rf8 28. f4 Qh5 29. f3 Qh6 30. Ng3 Nxd4 31. exd4 Rxf4 32. Qg5 Rxd4 33. Re1 Rxh4 34. Qxh6+ Kxh6 35. Re7 Rc4+ 36. Kd2 b5 37. b3 Rh4 38. Rxa7 Rh3 39. Ne2 Rxf3 40. Nd4 Rf2+ 1/2-1/2

[Event "BEL-ch U20"]
[Site "Blankenberge"]
[Date "2013.04.14"]
[Round "9"]
[White "Capone, Nicola"]
[Black "Ghyselen, Wouter"]
[Result "0-1"]
[WhiteElo "2118"]
[BlackElo "2102"]
[PlyCount "70"]
[EventDate "2013.04.07"]
[EventType "tourn"]
[EventRounds "9"]
[EventCountry "BEL"]
[SourceTitle "CBM 154 Extra"]
[Source "ChessBase"]
[SourceDate "2013.06.25"]
[SourceVersion "2"]
[SourceVersionDate "2013.06.25"]
[SourceQuality "1"]

1. e4 c5 2. Nf3 Nc6 3. d4 cxd4 4. Nxd4 Nf6 5. Nc3 e6 6. Be3 Bb4 7. f3 d5 8. a3 Bxc3+ 9. bxc3 dxe4 10. Nxc6 Qxd1+ 11. Rxd1 bxc6 12. Bc5 exf3 13. gxf3 Nd7 14. Bd6 f6 15. Bc7 Ke7 16. Rd6 Ne5 17. f4 Nf7 18. Rd2 Bb7 19. Bc4 Rac8 20. Ba5 Nd6 21. Ba2 c5 22. Rg1 g6 23. Re2 c4 24. Bb4 f5 25. Re5 Bd5 26. h4 Rhg8 27. Re3 Kd7 28. Bxd6 Kxd6 29. Kd2 Rb8 30. Kc1 Ke7 31. Reg3 Kf7 32. Re1 Rb7 33. Rd1 Kf6 34. Re1 h6 35. Reg1 Rbg7 0-1

[Event "BEL-chT 1213"]
[Site "Belgium"]
[Date "2013.01.13"]
[Round "7.7"]
[White "Ghyselen, Wouter"]
[Black "Vanheirzeele, Daniel"]
[Result "1/2-1/2"]
[WhiteElo "2107"]
[BlackElo "2125"]
[PlyCount "68"]
[EventDate "2012.09.23"]
[EventType "team-tourn"]
[EventRounds "11"]
[EventCountry "BEL"]
[SourceTitle "EXT 2014"]
[Source "ChessBase"]
[SourceDate "2013.11.20"]
[SourceVersion "1"]
[SourceVersionDate "2013.11.20"]
[SourceQuality "1"]
[WhiteTeam "Zottegem"]
[BlackTeam "KGSRL"]
[WhiteTeamCountry "BEL"]
[BlackTeamCountry "BEL"]

1. e4 c5 2. Nf3 e6 3. b3 a6 4. Bb2 Nc6 5. Qe2 d6 6. d4 cxd4 7. Nxd4 Qb6 8. Nxc6 bxc6 9. c4 Nf6 10. Nc3 e5 11. 0-0-0 Be7 12. Na4 Qc7 13. c5 dxc5 14. Qc2 0-0 15. f3 Nd7 16. Qc3 a5 17. Kc2 Re8 18. Bc4 Bf8 19. Rd2 Nb6 20. Nxb6 Qxb6 21. a4 Rb8 22. Rhd1 Be6 23. Ba3 Bc8 24. Rd3 g6 25. Qd2 h5 26. Bb2 Ba6 27. Qc3 Bc8 28. Kb1 Qc7 29. Ka2 Qb6 30. f4 Qb4 31. Qxb4 cxb4 32. Bxe5 Ra8 33. Rd8 Bg4 34. Rxa8 Rxa8 1/2-1/2

[Event "BEL-chT 1213"]
[Site "Belgium"]
[Date "2012.10.07"]
[Round "2.6"]
[White "Tuncer, Ufuk"]
[Black "Ghyselen, Wouter"]
[Result "1/2-1/2"]
[WhiteElo "2328"]
[BlackElo "2107"]
[PlyCount "128"]
[EventDate "2012.09.23"]
[EventType "team-tourn"]
[EventRounds "11"]
[EventCountry "BEL"]
[SourceTitle "CBM 150 Extra"]
[Source "ChessBase"]
[SourceDate "2012.10.19"]
[SourceVersion "1"]
[SourceVersionDate "2012.10.19"]
[SourceQuality "1"]
[WhiteTeam "Wirtzfeld"]
[BlackTeam "Zottegem"]
[WhiteTeamCountry "BEL"]
[BlackTeamCountry "BEL"]

1. e4 c5 2. Nc3 Nc6 3. Nf3 d6 4. Bb5 Bd7 5. 0-0 g6 6. Re1 Bg7 7. Bxc6 Bxc6 8. d4 cxd4 9. Nxd4 Nf6 10. Bg5 0-0 11. Nb3 Rc8 12. Nd5 Bxd5 13. exd5 Re8 14. c3 Qd7 15. Qd2 Qf5 16. Bxf6 Bxf6 17. Rad1 Rc7 18. h3 a6 19. Qe2 Rec8 20. Rd3 Rc4 21. Nd2 R4c7 22. Ne4 Bg7 23. Qd2 Rf8 24. Ng3 Qd7 25. Re4 b5 26. h4 Rc4 27. h5 Rxe4 28. Nxe4 Qg4 29. Ng3 Be5 30. hxg6 hxg6 31. Ne2 Qf5 32. f3 Rc8 33. g4 Qd7 34. Kf2 a5 35. f4 Bg7 36. Kg3 Qa7 37. Nd4 Bxd4 38. Rxd4 Rc4 39. b3 Rxd4 40. Qxd4 Qxd4 41. cxd4 Kf8 42. Kf3 Ke8 43. Ke4 f6 44. a4 bxa4 45. bxa4 Kd7 46. Kd3 Kc7 47. Kc3 Kb6 48. Kc4 Ka6 49. Kb3 Kb6 50. Kc2 Kc7 51. Kd3 Kb6 52. Kd2 Kc7 53. Ke3 Kd7 54. Ke4 Kc7 55. Kf3 Kd7 56. Ke3 Kc7 57. Kd2 Kd7 58. Kc2 Kc7 59. Kd3 Kb6 60. Ke4 Kc7 61. Kf3 Kd7 62. Kg3 Ke8 63. Kh3 Kf7 64. Kh4 Kf8 1/2-1/2

[Event "Ghent Taminco op 35th"]
[Site "Ghent"]
[Date "2012.07.16"]
[Round "5"]
[White "Ghyselen, Wouter"]
[Black "Sadkowsky, Daniel"]
[Result "0-1"]
[WhiteElo "2118"]
[BlackElo "2338"]
[PlyCount "120"]
[EventDate "2012.07.14"]
[EventType "swiss"]
[EventRounds "9"]
[EventCountry "BEL"]
[SourceTitle "CBM 149 Extra"]
[Source "ChessBase"]
[SourceDate "2012.08.24"]
[SourceVersion "1"]
[SourceVersionDate "2012.08.24"]
[SourceQuality "1"]

1. d4 Nf6 2. c4 e6 3. Nc3 Bb4 4. a3 Bxc3+ 5. bxc3 c5 6. e3 d6 7. Bd3 Nc6 8. Ne2 0-0 9. 0-0 b6 10. e4 Ne8 11. f4 f5 12. Be3 Na5 13. Ng3 g6 14. Qe2 Ng7 15. e5 Ba6 16. Bf2 Rc8 17. d5 dxe5 18. fxe5 exd5 19. cxd5 c4 20. Bc2 Qxd5 21. Rad1 Qf7 22. Be3 Qe7 23. Bh6 Rc5 24. e6 Bc8 25. Bf4 Rc6 26. Qd2 Nb7 27. Bg5 Qc5+ 28. Be3 Qd6 29. Qc1 Qxe6 30. Rfe1 Qf7 31. Bd4 Nc5 32. Qh6 Rc7 33. Ne2 Re8 34. Ng3 Rxe1+ 35. Rxe1 Re7 36. Rd1 Nce6 37. Be5 Rd7 38. Rf1 Qe7 39. Re1 Qc5+ 40. Kh1 Bb7 41. Re2 Qxa3 42. h4 Qf8 43. Qc1 Qd8 44. Qh6 Qf8 45. Qc1 f4 46. Ne4 Nh5 47. Kh2 Qd8 48. Kh3 Bxe4 49. Bxe4 Rd1 50. Qxd1 Qxd1 51. Bf3 Qd7 52. Kh2 Nc5 53. Bd4 Nd3 54. Kg1 Ng3 55. Ra2 a5 56. Bxb6 Qe7 57. Ra1 Qxh4 58. Bd5+ Kg7 59. Bd4+ Kh6 60. Be3 Qh1# 0-1

[Event "BEL-ch op"]
[Site "Lommel"]
[Date "2012.07.07"]
[Round "8"]
[White "Ghyselen, Wouter"]
[Black "Vanhuyse, Nele"]
[Result "1-0"]
[WhiteElo "2118"]
[BlackElo "1808"]
[PlyCount "101"]
[EventDate "2012.06.30"]
[EventType "swiss"]
[EventRounds "9"]
[EventCountry "BEL"]
[SourceTitle "EXT 2013"]
[Source "ChessBase"]
[SourceDate "2012.11.22"]
[SourceVersion "1"]
[SourceVersionDate "2012.11.22"]
[SourceQuality "1"]

1. e4 c5 2. Nf3 e6 3. b3 Nf6 4. e5 Nd5 5. Bb2 Nc6 6. Bb5 Qc7 7. 0-0 a6 8. Bxc6 Qxc6 9. c4 Nf4 10. d3 Be7 11. Nc3 f5 12. Ne2 Nxe2+ 13. Qxe2 b6 14. Rfb1 Bb7 15. Bc3 a5 16. a3 g5 17. Ne1 h5 18. b4 axb4 19. axb4 Rxa1 20. Rxa1 cxb4 21. Bd2 b5 22. Rb1 bxc4 23. dxc4 Qa4 24. Bxb4 Be4 25. Bxe7 Bxb1 26. Bf6 Rh7 27. Nf3 Qa3 28. Qf1 Bd3 29. Qe1 Bxc4 30. Nxg5 Rh6 31. h4 d6 32. Qb1 Qa7 33. Qb4 Qc7 34. exd6 Qc8 35. Be5 Bd5 36. Kh2 Kd7 37. Qa5 Rg6 38. f3 Rg8 39. Bf4 Qb7 40. Nf7 Ra8 41. Qc5 Ke8 42. Ne5 Rd8 43. Bg5 Rd7 44. Nxd7 Kxd7 45. Bf4 Ke8 46. Qc3 Bc6 47. Qh8+ Kd7 48. Qg7+ Kc8 49. Qf8+ Kd7 50. Qe7+ Kc8 51. Qxe6+ 1-0

[Event "BEL-ch U20 Elite"]
[Site "Bruges"]
[Date "2012.04.11"]
[Round "5"]
[White "Capone, Nicola"]
[Black "Ghyselen, Wouter"]
[Result "1/2-1/2"]
[WhiteElo "2127"]
[BlackElo "2160"]
[PlyCount "93"]
[EventDate "2012.04.08"]
[EventType "tourn"]
[EventRounds "9"]
[EventCountry "BEL"]
[SourceTitle "CBM 147 Extra"]
[Source "ChessBase"]
[SourceDate "2012.04.24"]
[SourceVersion "1"]
[SourceVersionDate "2012.04.24"]
[SourceQuality "1"]

1. e4 c5 2. Nf3 d6 3. d4 cxd4 4. Nxd4 Nf6 5. f3 Nc6 6. c4 g6 7. Nc3 Bg7 8. Be3 0-0 9. Qd2 Bd7 10. Be2 Rb8 11. 0-0 a6 12. Rfd1 b5 13. Rac1 b4 14. Nd5 Nxd5 15. Nxc6 Bxc6 16. exd5 Bd7 17. c5 dxc5 18. Bxc5 a5 19. Kh1 Re8 20. d6 exd6 21. Bxd6 Rc8 22. Bc4 Qf6 23. Bxb4 axb4 24. Qxd7 Rcd8 25. Qb7 Rb8 26. Qc7 Rbc8 27. Qa5 Qxb2 28. Bxf7+ Kh8 29. Rxc8 Rxc8 30. Bb3 Qc3 31. Qd5 Re8 32. Rf1 Qd4 33. Qxd4 Bxd4 34. Rd1 Bc3 35. Kg1 Re1+ 36. Rxe1 Bxe1 37. Kf1 Bh4 38. Ke2 Kg7 39. Ke3 Be7 40. Ke4 Kf6 41. h4 Bd6 42. h5 gxh5 43. f4 h4 44. Bc2 h6 45. Kf3 Bc5 46. Kg4 Be3 47. Kxh4 1/2-1/2

[Event "BEL-ch U20 Elite"]
[Site "Bruges"]
[Date "2012.04.09"]
[Round "3"]
[White "Ghyselen, Wouter"]
[Black "Roos, David"]
[Result "1-0"]
[WhiteElo "2160"]
[BlackElo "2097"]
[PlyCount "69"]
[EventDate "2012.04.08"]
[EventType "tourn"]
[EventRounds "9"]
[EventCountry "BEL"]
[SourceTitle "CBM 147 Extra"]
[Source "ChessBase"]
[SourceDate "2012.04.24"]
[SourceVersion "1"]
[SourceVersionDate "2012.04.24"]
[SourceQuality "1"]

1. d4 c5 2. d5 f5 3. e4 fxe4 4. Nc3 Nf6 5. Bg5 d6 6. Bb5+ Kf7 7. a4 a6 8. Bc4 Qa5 9. Nge2 Nbd7 10. Bd2 Qc7 11. Ng3 Ne5 12. Be2 h6 13. Ngxe4 Bf5 14. Ng3 e6 15. f4 Ned7 16. dxe6+ Bxe6 17. f5 Bd5 18. Nxd5 Nxd5 19. Bc4 N7b6 20. Ba5 Re8+ 21. Kf2 Re5 22. Bxd5+ Rxd5 23. Bxb6 Qc6 24. Qh5+ Kg8 25. Ba5 Rd4 26. Qf3 d5 27. Rhd1 Qf6 28. Bc3 Kh7 29. Bxd4 cxd4 30. Qxd5 Qb6 31. Qb3 Qf6 32. Rd3 Bd6 33. Qe6 Qd8 34. Qg6+ Kg8 35. f6 1-0

[Event "BEL-ch U20"]
[Site "Houffalize"]
[Date "2011.04.22"]
[Round "8"]
[White "Ghyselen, Wouter"]
[Black "Maddens, Martijn"]
[Result "1/2-1/2"]
[WhiteElo "2000"]
[BlackElo "1982"]
[PlyCount "95"]
[EventDate "2011.04.17"]
[EventType "tourn"]
[EventRounds "9"]
[EventCountry "BEL"]
[SourceTitle "CBM 142 Extra"]
[Source "ChessBase"]
[SourceDate "2011.06.27"]
[SourceVersion "1"]
[SourceVersionDate "2011.06.27"]
[SourceQuality "1"]

1. Nf3 d5 2. c4 d4 3. b4 c5 4. Bb2 Bg4 5. Ne5 Bd7 6. e3 Nc6 7. Nxd7 Qxd7 8. b5 Ne5 9. d3 Ng6 10. exd4 cxd4 11. g3 e5 12. Bg2 Bd6 13. 0-0 f5 14. a4 Nf6 15. a5 0-0 16. a6 b6 17. Bc6 Qc7 18. Bxa8 Rxa8 19. Qf3 Qc8 20. Qb7 Rb8 21. Qxc8+ Rxc8 22. Nd2 Nd7 23. Kg2 Ngf8 24. Nb3 Ne6 25. Rae1 Kf7 26. f4 g6 27. fxe5 Bxe5 28. Ba3 Bf6 29. Re2 Ne5 30. Rfe1 Nxd3 31. Rxe6 Nxe1+ 32. Rxe1 Rxc4 33. Rc1 Ra4 34. Rc7+ Ke6 35. Bf8 Ra2+ 36. Kf1 Rb2 37. Rxa7 Rxb3 38. Rb7 Rxb5 39. a7 Ra5 40. Rxb6+ Kf7 41. Rb7+ Kxf8 42. Rb8+ Ke7 43. a8Q Rxa8 44. Rxa8 Ke6 45. Ke2 h5 46. Ra6+ Ke5 47. h4 g5 48. hxg5 1/2-1/2

[Event "BEL-ch U20"]
[Site "Houffalize"]
[Date "2011.04.20"]
[Round "5"]
[White "Herman, Jean"]
[Black "Ghyselen, Wouter"]
[Result "0-1"]
[WhiteElo "2104"]
[BlackElo "2000"]
[PlyCount "58"]
[EventDate "2011.04.17"]
[EventType "tourn"]
[EventRounds "9"]
[EventCountry "BEL"]
[SourceTitle "CBM 142 Extra"]
[Source "ChessBase"]
[SourceDate "2011.06.27"]
[SourceVersion "1"]
[SourceVersionDate "2011.06.27"]
[SourceQuality "1"]

1. d4 Nf6 2. c4 e6 3. Nf3 Bb4+ 4. Bd2 Qe7 5. a3 Bxd2+ 6. Nbxd2 d6 7. e3 a5 8. b3 0-0 9. Be2 e5 10. 0-0 Nc6 11. d5 Nb8 12. b4 Bg4 13. Qc2 Na6 14. Qc3 axb4 15. axb4 c5 16. dxc6 bxc6 17. Rfb1 c5 18. b5 Nb4 19. Bf1 Bf5 20. Rxa8 Rxa8 21. Ra1 Qb7 22. Ne1 h6 23. f3 e4 24. Rxa8+ Qxa8 25. Nc2 Na2 26. Qb2 exf3 27. gxf3 Bxc2 28. Qxc2 Nb4 29. Bg2 Nxc2 0-1

[Event "Brasschaat op 10th"]
[Site "Brasschaat"]
[Date "2010.08.21"]
[Round "8"]
[White "Ghyselen, Wouter"]
[Black "Vanderhallen, Nicolas"]
[Result "1/2-1/2"]
[WhiteElo "1954"]
[BlackElo "2214"]
[PlyCount "76"]
[EventDate "2010.08.14"]
[EventType "swiss"]
[EventRounds "9"]
[EventCountry "BEL"]
[SourceTitle "CBM 138 Extra"]
[Source "ChessBase"]
[SourceDate "2010.10.29"]
[SourceVersion "1"]
[SourceVersionDate "2010.10.29"]
[SourceQuality "1"]

1. d4 Nf6 2. c4 g6 3. Nc3 Bg7 4. e4 d6 5. f4 0-0 6. Nf3 c5 7. d5 e6 8. dxe6 Bxe6 9. Bd3 Nc6 10. 0-0 a6 11. f5 Bd7 12. Qe1 Ne5 13. Nxe5 dxe5 14. Nd5 Nxd5 15. exd5 Qe7 16. Be4 h6 17. Qf2 f6 18. fxg6 f5 19. d6 Qxd6 20. Bxb7 Rab8 21. Bd5+ Kh8 22. Be3 Rbc8 23. Bf7 f4 24. Bd2 Be6 25. Rad1 Bxf7 26. gxf7 Qe6 27. Qe2 Qxf7 28. Bc3 Rce8 29. Qe4 Qf5 30. Qxf5 Rxf5 31. Rd5 Rf7 32. Rxc5 e4 33. Bxg7+ Kxg7 34. Kf2 Re6 35. b4 Kg6 36. a4 f3 37. gxf3 Rxf3+ 38. Ke2 Ra3 1/2-1/2

[Event "Ghent Taminco op 33rd"]
[Site "Ghent"]
[Date "2010.07.20"]
[Round "7"]
[White "Ondersteijn, Niels"]
[Black "Ghyselen, Wouter"]
[Result "1/2-1/2"]
[WhiteElo "2268"]
[BlackElo "1954"]
[PlyCount "34"]
[EventDate "2010.07.17"]
[EventType "swiss"]
[EventRounds "9"]
[EventCountry "BEL"]
[SourceTitle "CBM 137 Extra"]
[Source "ChessBase"]
[SourceDate "2010.09.01"]
[SourceVersion "1"]
[SourceVersionDate "2010.09.01"]
[SourceQuality "1"]

1. e4 c5 2. Nc3 Nc6 3. f4 g6 4. Nf3 Bg7 5. Bb5 Nd4 6. 0-0 Nxb5 7. Nxb5 d5 8. exd5 a6 9. Nc3 Nf6 10. d4 c4 11. Qe2 Nxd5 12. Qxc4 Be6 13. Nxd5 Bxd5 14. Qe2 Bxf3 15. Qxf3 Qxd4+ 16. Kh1 Qb6 17. Rb1 0-0 1/2-1/2